000 00494nam a2200145 4500
999 _c10614
_d10614
008 180907b ||||| |||| 00| 0 eng d
022 _a2094-8042
082 _aDPer 370.105 M72 Jan-Dec 2011 v59-60
100 _931039
_aApolonio, Araceli O.
245 _aHow San Esteban got its name/
_cAraceli O. Apolonio.
260 _aPhilippines:
_bIn the Grade School, Inc.,
_cc2011.
300 _av60 n3, pages 114-115:
_billustrations;
_c27cm.
650 0 _931040
_aShort stories.
942 _2ddc
_cPER